Statystyki dla Najważniejsze daty w historii Polski

Kliknij tutaj aby rozwiązać quiz!

Ogólne statystyki

  • Ten quiz został rozwiązany 800 razy
  • Średni wynik to 24 z 50

Statystyki odpowiedzi

Wydarzeniedata% Poprawnych
Chrzest Polski966
98%
Bitwa pod Grunwaldem1410
91%
Zjazd w Gnieźnie1000
90%
Koronacja Bolesława Chrobrego1025
86%
Utworzenie Polskiej Organizacji Wojskowej przez Józefa Piłsudskiego1914
81%
III rozbiór Polski1795
75%
II rozbiór Polski1793
73%
I rozbiór Polski1772
71%
Bitwa warszawska1920
68%
Uchwalenie Konstytucji 3 Maja1791
67%
Wybuch powstania listopadowego1830
67%
Wybuch powstania styczniowego1863
67%
Powstanie kościuszkowskie1794
64%
Hołd Pruski1525
60%
Konfederacja targowicka1792
59%
Wstąpienie Polski do Unii Europejskiej2004
57%
Unia lubelska1569
52%
Obrady Okrągłego Stołu, koniec komunizmu w Polsce1989
52%
Wstąpienie Polski do NATO1999
51%
Oblężenie Jasnej Góry1655
50%
Utworzenie Księstwa Warszawskiego1807
50%
Zbrodnia katyńska1940
50%
Odsiecz wiedeńska1683
49%
Powstanie Legionów Polskich we Włoszech1797
47%
Wybór Karola Wojtyły na Papieża1978
45%
Traktat ryski, ustanowienie granic Polski1921
44%
Przewrót majowy marszałka Józefa Piłsudskiego1926
43%
Sierpień ’..., Powstanie Solidarności1980
43%
Unia polsko-litewska1385
42%
Sprowadzenie Krzyżaków do Polski1226
41%
Zajęcie Zaolzia przez Polskę1938
40%
Bitwa pod Kircholmem1605
38%
Pierwsza pielgrzymka Jana Pawła II do Polski1979
38%
Pierwsza wolna elekcja1573
36%
I wojna światowa1914 – 1918
35%
Wybuch powstania krakowskiego1846
33%
Poznański czerwiec1956
33%
Odzyskanie niepodległości11.11.1918
31%
II pokój w Toruniu1466
31%
Początek wojny ze Szwedami1600
28%
Referendum ludowe1946
27%
Marzec ’...1968
27%
Wybuch II wojny światowej, atak Niemiec na Polskę1.09.1939
23%
Potop szwedzki1655 – 1660
22%
Sejm niemy1717
20%
Wybuch Powstania Warszawskiego1.08.1944
18%
Sejm Czteroletni (Wielki)1788 – 1792
18%
Powstania Śląskie1919–1921
14%
Stan wojenny w Polsce1981–1983
12%
Powstanie Wielkopolskie1918–1919
11%

Rozkład punktacji

Percentyl według liczby udzielonych odpowiedzi

Procent ludzi z każdym wynikiem

Twoja historia wyników

Nie rozwiązałeś tego quizu